Das Königsberger Korporationsstudententum von 1918 bis 1933

Titel: Das Königsberger Korporationsstudententum von 1918 bis 1933
Verfasser:
In: ˜Dasœ Ostpreußenblatt, Band 48 (1997)
alle Artikel anzeigen
Veröffentlicht: 1997
Format: Aufsatz
Sprache: Deutsch
Kein Bild verfügbar
X
alg: 39275329
001A    $01999:11-11-16 
001B    $01999:21-05-21 $t16:55:14.000 
001C    $06050:19-11-16 $t09:17:45.000 
001D    $01999:11-11-16 
001U    $0utf8 
001X    $00 
002@    $0Aox 
003@    $0392753294 
007A    $0392753294 $aHEB 
007T    $0Herdc0098759m 
010@    $ager 
011@    $a1997 
021A    $aDas @Königsberger Korporationsstudententum von 1918 bis 1933 
028A    $aSchott $dOtto von 
031A    $d48 $j1997 
039B    $aIn $8--Abvc--. Das @Ostpreußenblatt. - Hamburg : Landsmannschaft, 1950-2003. - ISSN 0947-9597 $x199700000480000999 $9047780835 
045F    $a307.094382 $eDDC23BSB 
045F/01 $a307.09 
045F/03 $g4382 
045F/03 $g43832 
045T    $a7,41 $a8,1 

lok: 39275329 78

exp: 39275329 78 1 #EPN
201B/01 $005-12-17 $t23:50:42.000 
201U/01 $0utf8 
203@/01 $0788852663 
208@/01 $a11-11-16 $be 
209A/01 $a/ $f000 $x00 
220C/01 $aTitelaufnehmer: pg 
220C/01 $aHerkunft: HI Marburg 
220C/01 $aAnmerkung: *NG 
244Z/01 $2Trx $#Prusy Wschodnie i Zachodnie $8--Trx--Ost- und Westpreußen $x01 $939113373X 
244Z/01 $#Königsberg Preußen $#Königsberg i. Pr. $#Königsberg Pr. $#Königsberg in Ostpreußen $#Königsberg Ostpreußen $#Königsberg (Pr.) $#Königsberg Pregel $#Stadtgemeinde Königsberg $#Königsbergk $#Kaliningrad $#Karaliánčins $#Krulevec $#Karaláuczuje $#Królewiec $#Karaliaučius $#Regimontanus $#Regiomontium $#Regiomontum $#Regiomontum Borussiae $#Калининград $74031541-1 $8--Tg1--Königsberg $x02 $908508364X 
244Z/01 $aGeschichte 1918-1933 $x03 
244Z/01 $2Trx $#organisatsioonid, üliõpilaste $#organizacijos, studentų $#student associations $#szervezetek, diák $#organizacje studenckie $#organizácie študentské $#organizace studentské $#Studentenorganisationen $#Burschenschaften $#Verbindungen $#Turnerschaften $#korporacje studenckie $#organizácie študentov $#organizace studentů $8--Trx--Organisationen, studentische $x04 $9391378651 
244Z/01 $2Trx $8--Trx--Zeitschriftenaufsatz $x05 $9391384341 
245Z/01 $a13.03 $x01 
245Z/01 $a11.05 $x02 
247C/01 $82080>Marburg/Lahn, Herder-Institut, Forschungsbibliothek, Bibliographieportal $9336309341
LEADER 00000caa a22000002c 4500
001 392753294
003 DE-603
005 20210521165514.0
007 tu
008 161111s1997 xx |||| | u00||u|ger c
035 |a (DE-599)HEB392753294 
040 |a DE-603  |b ger  |c DE-603  |d DE-603 
041 |a ger 
082 0 4 |8 1\u  |a 307.094382  |q DE-101  |2 23/BSB 
084 |a 7,41  |a 8,1  |2 ssgn 
085 |8 1\u  |b 307.09 
085 |8 1\u  |z 2  |s 4382 
085 |8 1\u  |z 2  |s 43832 
100 1 |a Schott, Otto von 
245 0 0 |a ˜Dasœ Königsberger Korporationsstudententum von 1918 bis 1933 
264 0 |c 1997 
773 0 8 |i In  |t ˜Dasœ Ostpreußenblatt  |d Hamburg : Landsmannschaft, 1950-2003  |x 0947-9597  |g Band 48 (1997)  |w (DE-603)047780835  |w (DE-600)529299-2 
924 0 |9 2080  |a (DE-603)788852663  |b DE-2080  |c HES  |d d  |g /